000 00303nam a22001337a 4500
008 170228b xxu||||| |||| 00| 0 eng d
020 _a9780387952703
041 _aeng
080 _26 ED
_a616.8 006
100 _a6
101 _aSHM
245 _aCANCER STADING HANBOOK
_cGREENE.L.F
942 _2udc
_cBK
999 _c6432
_d6432